| Tag |
First Indicator |
Second Indicator |
Subfields |
| LEADER |
00000cam a2200000 a 4500 |
| 001 |
in00001318656 |
| 005 |
20151005084756.0 |
| 008 |
961104s1995 sw a b 100 0 eng d |
| 020 |
|
|
|a 9187308436
|
| 035 |
|
|
|a (OCoLC)35840467
|
| 035 |
|
|
|9 AHD9180AM
|
| 040 |
|
|
|a WSU
|c WSU
|d PIT
|d IQU
|d TXA
|d UtOrBLW
|
| 049 |
|
|
|a TXAM
|
| 090 |
|
|
|a QC454.A8
|b I58 1995
|
| 111 |
2 |
|
|a International Colloquium on Atomic Spectra and Oscillator Strengths for Astrophysical and Laboratory Plasmas
|n (5th :
|d 1995 :
|c Meudon, France)
|
| 245 |
1 |
4 |
|a The 5th International Colloquium on Atomic Spectra and Oscillator Strengths for Astrophysical and Laboratory Plasmas, Meudon, France, August 28-31, 1995 /
|c editors, W.-Ü L. Tchang-Brillet, J.-F. Wyart, C. Zeippen.
|
| 246 |
1 |
8 |
|a Atomic spectra and oscillator strengths for astrophysical and laboratory plasmas
|
| 246 |
3 |
|
|a Fifth International Colloquium on Atomic Spectra and Oscillator Strengths for Astrophysical and Laboratory Plasmas
|
| 264 |
|
1 |
|a Stockholm, Sweden :
|b Royal Swedish Academy of Sciences,
|c [1996]
|
| 264 |
|
4 |
|c ©1996
|
| 300 |
|
|
|a 212 pages :
|b illustrations ;
|c 30 cm.
|
| 336 |
|
|
|a text
|b txt
|2 rdacontent
|
| 337 |
|
|
|a unmediated
|b n
|2 rdamedia
|
| 338 |
|
|
|a volume
|b nc
|2 rdacarrier
|
| 490 |
1 |
|
|a Physica scripta,
|x 0031-8949 ;
|v v. T65
|
| 500 |
|
|
|a "This volume includes all the invited papers given at the conference and, in the appendix, practical information on access to some databases ... A separate bound volume containing extended abstracts of the poster papers has been published by the Publications de l'Observatoire de Paris, (Meudon 1996), under the responsibility of the same editors"--Foreword.
|
| 500 |
|
|
|a "Recognized by the European Physical Society."
|
| 504 |
|
|
|a Includes bibliographical references.
|
| 505 |
2 |
|
|a Laboratory studies of atomic spectra: energy levels and lifetimes -- Theoretical methods and calculations of atomic data -- Atomic data in astrophysics -- Laboratory sources and plasma diagnostics -- Critical compilation, bibliography and database -- Appendix.
|
| 650 |
|
0 |
|a Plasma spectroscopy
|x Congresses.
|
| 650 |
|
0 |
|a Oscillator strengths
|x Congresses.
|
| 650 |
|
0 |
|a Atomic spectra
|x Congresses.
|
| 650 |
|
0 |
|a Astronomical spectroscopy
|v Congresses.
|
| 650 |
|
0 |
|a Plasma astrophysics
|v Congresses.
|
| 650 |
|
0 |
|a Plasma oscillations
|x Congresses.
|
| 700 |
1 |
|
|a Tchang-Brillet, W.-Ü L.
|q (Wan-Ü Lydia)
|
| 700 |
1 |
|
|a Wyart, J.-F.
|q (Jean-François)
|
| 700 |
1 |
|
|a Zeippen, C. J.
|q (Claude J.)
|
| 710 |
2 |
|
|a European Physical Society.
|
| 830 |
|
0 |
|a Physica scripta (Stockholm, Sweden : 1982) ;
|v vol. T65.
|
| 999 |
|
|
|a MARS
|
| 999 |
f |
f |
|s 89ecbebc-bad0-3431-9200-0bdd8f9d6744
|i 563ab05e-700b-3bc8-8585-e25f89090e6e
|t 0
|
| 952 |
f |
f |
|p ric
|a Texas A&M University
|b Rellis Campus
|c Joint Library Facility
|d Remote Storage
|t 0
|e QC454.A8 I58 1995
|h Library of Congress classification
|i unmediated -- volume
|m A14820598876
|
| 998 |
f |
f |
|a QC454.A8 I58 1995
|t 0
|l Remote Storage
|